| 000 | 00636cab a2200217 4500 | ||
|---|---|---|---|
| 001 | X3280 | ||
| 008 | 090401t1996 xxu||||| |||| 00| 0 eng d | ||
| 035 | _a(Sirsi) u29592 | ||
| 041 | _aeng | ||
| 100 | _aFisher, P. | ||
| 245 | _aImpact of the information superhighway on surveyors | ||
| 260 | _c1996 | ||
| 350 | _a0 | ||
| 490 |
_aCSM (Chartered Surveyor Monthly) _v5(4) January 1996, 40-41 |
||
| 520 | _aConsiders the vision and the reality of the internet for surveyors. | ||
| 650 | _aINTERNET | ||
| 690 | _aMANAGEMENT-BUSINESS MANAGEMENT-INFORMATION MANAGEMENT | ||
| 700 | _aWyatt, P. | ||
| 942 | _n0 | ||
| 948 | _c04/03/1997 | ||
| 999 |
_c19913 _d19913 |
||